The Sickness unto death /

Bibliographic Details
Other Authors: Perkins, Robert L., 1930-
Format: Book
Language:English
Published: Macon, Ga. : Mercer University Press, [1987]
Series:International Kierkegaard commentary ; 19.
Subjects:

MARC

Tag First Indicator Second Indicator Subfields
LEADER 00000cam a2200000 a 4500
001 in00000008091
005 20151002070134.0
008 870220s1987 gau b 00100 eng
010 |a  87005614  
020 |a 0865542716 (alk. paper) 
035 |a (OCoLC)15283164 
035 |9 AAA0446AM 
040 |a DLC  |c DLC  |d TXA  |d UtOrBLW 
050 0 0 |a B4376  |b .I58 vol. 19 1984  |a BT715 
050 4 |a B4376  |b .I58 1984 v. 19 
082 0 |a 198/.9 s  |a 248  |2 19 
245 0 4 |a The Sickness unto death /  |c edited by Robert L. Perkins. 
264 1 |a Macon, Ga. :  |b Mercer University Press,  |c [1987] 
264 4 |c ©1987 
300 |a xii, 264 pages ;  |c 24 cm. 
336 |a text  |b txt  |2 rdacontent 
337 |a unmediated  |b n  |2 rdamedia 
338 |a volume  |b nc  |2 rdacarrier 
490 1 |a International Kierkegaard commentary ;  |v 19 
504 |a Includes bibliographical references and index. 
600 1 0 |a Kierkegaard, Søren,  |d 1813-1855.  |t Sygdommen til døden. 
650 0 |a Sin. 
650 0 |a Despair. 
700 1 |a Perkins, Robert L.,  |d 1930- 
830 0 |a International Kierkegaard commentary ;  |v 19. 
999 |a MARS 
999 f f |s fa13db58-aec6-39f2-b94d-fc29464d5af8  |i 59fb9f44-ca6d-3f15-a685-429d47920451  |t 0 
952 f f |p normal  |a Texas A&M University  |b College Station  |c Sterling C. Evans Library  |d Evans: Library Stacks  |t 0  |e B4376 .I58 1984 v.19  |h Library of Congress classification  |i unmediated -- volume  |m A14812563207 
998 f f |a B4376 .I58 1984 v.19  |t 0  |l Evans: Library Stacks